LIBRARY & INFORMATION CENTRE, KCAET, TAVANUR

ONLINE PUBLIC ACCESS CATALOGUE (OPAC)

National geographic pictrue atlas of our world / (Record no. 8489)

MARC details
000 -LEADER
fixed length control field 00427cam a2200157ua 4500
041 ## - LANGUAGE CODE
Language code of text/sound track or separate title eng
082 ## - DEWEY DECIMAL CLASSIFICATION NUMBER
Classification number 028.799
Item number BEN/NA
100 ## - MAIN ENTRY--AUTHOR NAME
Personal name Benneett, Ross S .
245 ## - TITLE STATEMENT
Title National geographic pictrue atlas of our world /
250 ## - EDITION STATEMENT
Edition statement 1 /
260 ## - PUBLICATION, DISTRIBUTION, ETC. (IMPRINT)
Place of publication Washington DC :
Name of publisher National Geographic Society ,
Year of publication 1979.
300 ## - PHYSICAL DESCRIPTION
Number of Pages 312 ; .
942 ## - ADDED ENTRY ELEMENTS (KOHA)
Koha item type Books
Holdings
Withdrawn status Lost status Damaged status Home library Current library Date acquired Full call number Accession Number Koha item type
      KAUAET KAUAET 19/08/1986 028.799 15333 Reference
free website counter